Làm kinh tế cần biết

Zapisane w:
Opis bibliograficzny
1. autor: Lê Thụ
Format: Książka
Język:Undetermined
Wydane: Hà Nội Tạp chí Thông kê 1993
Hasła przedmiotowe:
Etykiety: Dodaj etykietę
Nie ma etykietki, Dołącz pierwszą etykiete!
Thư viện lưu trữ: Trung tâm Học liệu Trường Đại học Cần Thơ
LEADER 00498nam a2200181Ia 4500
001 CTU_5465
008 210402s9999 xx 000 0 und d
082 |a 330 
082 |b Th500 
100 |a Lê Thụ 
245 0 |a Làm kinh tế cần biết 
245 0 |c Lê Thụ 
260 |a Hà Nội 
260 |b Tạp chí Thông kê 
260 |c 1993 
650 |a economics 
904 |i Nguyễn Quang Điền, 960717 
980 |a Trung tâm Học liệu Trường Đại học Cần Thơ